000
00316nam a2200121Ia 4500
008
210430s9999 xx 000 0 und d
082
_a
954.904 Q12 Q
100
_a
D G F
245
_a
Quaid-E-Azam Mohammad Ali Jinnah
_c
D G F
260
_a
Islamabad
_b
Khursheed Printers
_c
1993
300
_a
264 P
942
_c
BK
_2
ddc
999
_c
564990
_d
564990